Music Quiz

Random Music or Rock Quiz
Score 0/190 Timer 20:00
0 Plays Today
# Of Letters (+ Begins With) Lyrics In Romaji % Correct
(9) + MMiwatase
87.5%
(2)do
87.5%
(5)kurai
87.5%
(4)yami
87.5%
(2)de
87.5%
(6) + SSukumu
87.5%
(4)ashi
87.5%
(2)wo
87.5%
(8)fumidase
87.5%
(6) + IItsuka
87.5%
(2)wa
87.5%
(9)chiriyuku
87.5%
(6)sadame
87.5%
(7) + OOsorezu
87.5%
(8)tobikome
87.5%
(8) + TTesaguri
87.5%
(2)wo
87.5%
(12)kurikaeshite
87.5%
(5)kotae
87.5%
(2)wo
87.5%
(7)dashite
87.5%
(4)yuku
87.5%
(2)ni
75%
(6) + YYureru
62.5%
(7) kagerou
62.5%
(6) kasumu
62.5%
(5) sekai
62.5%
(6) + KKakeru
62.5%
(7) shoudou
62.5%
(6) nokosu
62.5%
(7) ashiato
62.5%
VERSE 1 (Hit 'Space')
62.5%
VERSE 2 (Hit 'Space')
62.5%
(6) + K Kageru
62.5%
(6) taiyou
62.5%
(6) habamu
62.5%
(5) mirai
62.5%
(7) + TTsunoru
62.5%
(4) fuan
62.5%
(6) hibiku
62.5%
(5) kodou
62.5%
(5) + I Igamu
50%
(5) jidai
50%
(8)detarame
50%
(2) na
50%
(5) sekai
50%
(5) + KKoeru
50%
(6) genkai
50%
(6) nokosu
50%
(8) tsumeato
50%
(5) + MMienu
50%
(6) sekai
50%
(7) oboroge
50%
(2) na
50%
(5) mirai
50%
(6) + MMageru
50%
(7) puraido
50%
(6) kizamu
50%
(5) kodou
50%
(8) + SShinario
50%
(5) doori
50%
(2) ni
50%
(6) ikanai
50%
(5) story
50%
# Of Letters (+ Begins With) Lyrics In Romaji % Correct
(8) Karamaru
50%
(6) kanjou
50%
(12) hodokenakute
50%
(6) + M Mamori
50%
(2) no
50%
(3) iie
50%
(2) wo
50%
(5) koeta
50%
(5) mukou
50%
(2) ni
50%
(6) + HHikari
50%
(2) wa
50%
(4) sasu
50%
(5) darou
50%
(13) + FFumihazushita
50%
(5) reeru
50%
(2) wo
50%
(10) tachikitta
50%
(9) + TTobikoeta
50%
(4) yuku
50%
(6) sadame
50%
(5) + GGisei
50%
(7) haratte
50%
(2) wa
50%
(6) kakugo
50%
(6) kimete
50%
(4) mata
50%
(7) sukoshi
50%
(7) + TTsuyoku
50%
(6) nareru
50%
(9) + FFutashika
50%
(2) na
50%
(5) michi
50%
(11) kirihiraita
50%
(4) + K Kono
50%
(5) negai
50%
(6) todoku
50%
(4) made
50%
(9) + TToomawari
50%
(10) kurikaeshi
50%
(7) wadachi
50%
(9) nokoshite
50%
(4) yuku
50%
BRIDGE (Hit 'Space')
50%
CHORUS (Hit 'Space')
50%
BRIDGE (Hit 'Space')
50%
(5) doori
50%
(8) + S Shinario
50%
(2) ni
50%
(6) ikanai
50%
(5) story
50%
(8) + KKaramaru
50%
(6) kanjou
50%
(12) hodokenakute
50%
(2) no
50%
(6) + M Mamori
50%
(3) iie
50%
(2) wo
50%
(5) koeta
50%
(5) mukou
50%
(2) ni
50%
(2) wa
50%
(6) + HHikari
50%
(4) sasu
50%
# Of Letters (+ Begins With) Lyrics In Romaji % Correct
(5) darou
50%
CHORUS (Hit 'Space')
50%
(13) + F Fumihazushita
50%
(5)reeru
50%
(2) wo
50%
(10) tachikitta
50%
(9) + T Tobikoeta
50%
(4) yuku
50%
(6) sadame
50%
(5) + G Gisei
50%
(7) haratte
50%
(2) wa
50%
(6) kakugo
50%
(6) kimete
50%
(4) mata
50%
(7) sukoshi
50%
(7) + T Tsuyoku
50%
(6) nareru
50%
(9) + F Futashika
50%
(2) na
50%
(5) michi
50%
(11) kirihiraita
50%
(4) + KKono
50%
(5) negai
50%
(6) todoku
50%
(4) made
50%
(9) + T Toomawari
50%
(10) kurikaeshi
50%
(7) wadachi
50%
(9) nokoshite
50%
(4) yuku
50%
VERSE 3 (Hit 'Space')
50%
(9) + TToomawari
50%
(10)kurikaeshi
50%
(7)wadachi
50%
(9)nokoshite
50%
(4)yuku
50%
CHORUS (Hit 'Space')
37.5%
(13) + FFumihazushita
37.5%
(5)reeru
37.5%
(2)wo
37.5%
(10)tachikitta
37.5%
(9) + TTobikoeta
37.5%
(4)yuku
37.5%
(6)sadame
37.5%
(5) + GGisei
37.5%
(7)haratte
37.5%
(2)wa
37.5%
(6)kakugo
37.5%
(6)kimete
37.5%
(4)mata
37.5%
(7)sukoshi
37.5%
(7) + TTsuyoku
37.5%
(6)nareru
37.5%
(9) + FFutashika
37.5%
(2)na
37.5%
(5)michi
37.5%
(11)kirihiraita
37.5%
(4) + KKono
37.5%
(5)negai
37.5%
(6)todoku
37.5%
(4)made
37.5%
Remove Ads.
Support Sporcle.
Get the best of Sporcle when you Go Orange. This ad-free experience offers more features, more stats, and more fun while also helping to support Sporcle. Thank you for becoming a member.

You're not logged in!

Compare scores with friends on all Sporcle quizzes.
OR
Log In

Sporcle TV

Today on Sporcle TV


Watch our educational content, quiz creation guides, and fun videos on Sporcle TV.

Show Comments

Extras

Top Quizzes Today


Score Distribution

Paid Content

Your Account Isn't Verified!

In order to create a playlist on Sporcle, you need to verify the email address you used during registration. Go to your Sporcle Settings to finish the process.

Report this User

Report this user for behavior that violates our Community Guidelines.

Details: